000 01598nam a2200409 a 4500
001 000115094
003 CHAP
005 20220329144515.0
008 181003s2018 mx a sm |||||||spa d
010 _a111555
011 _a112527
040 _cCHAP
090 _aTesis
100 1 _aSalazar Correa, Araceli.
_9135909
245 1 0 _aEvaluación del nivel de sustentabilidad de la agricultura familiar en el estado de Zacatecas /
_h[En línea]
_cpor Araceli Salazar Correa.
260 _aChapingo, Méx. :
_bEl autor,
_c2018.
500 _aPara ver el contenido del material haga clic en la liga
502 _aTesis (M.C. en Desarrollo Rural Regional) -- AUCH. Dirección de Centros Regionales Universitarios
590 _aBATCH-UPD
_b10
_c20190603
_lUCH01
_h1554
590 _aE11695DGD
_b10
_c20190603
_lUCH01
_h1553
590 _aE8697GMM
_b05
_c20181003
_lUCH01
_h1213
590 _aE8697GMM
_b05
_c20181003
_lUCH01
_h1215
590 _aE8697GMM
_b05
_c20181003
_lUCH01
_h1421
590 _aE8697GMM
_b05
_c20181130
_lUCH01
_h1158
590 _aE8697GMM
_b05
_c20190516
_lUCH01
_h1447
650 1 4 _aAgricultores
_xProgramas de capacitación.
_9130946
650 1 4 _aAgricultura sustentable
_zZacatecas.
_92027
650 1 4 _aAgricultura
_xInvestigación.
_91577
650 1 4 _aDesarrollo rural
_zMéxico.
_9124616
650 1 4 _aDesarrollo sustentable
_zZacatecas.
_932109
650 1 4 _aRegiones áridas
_xAgricultura.
_995670
650 1 4 _aSistemas de cultivo.
_9106746
856 _aFinding aid
_uhttp://10.13.5.2/tesis/sist115094.pdf
_zTeclea aquí
901 _aBK
942 _cTESIS
942 _n0
999 _c111555
_d111555